Infrastructure providers and planners (Record no. 102125)
[ view plain ]
| 000 -LEADER | |
|---|---|
| fixed length control field | 01334cam a2200265 4500 |
| 001 - CONTROL NUMBER | |
| control field | J118306 |
| 008 - FIXED-LENGTH DATA ELEMENTS--GENERAL INFORMATION | |
| fixed length control field | 020131n2002 000 0 eng u |
| 022 ## - INTERNATIONAL STANDARD SERIAL NUMBER | |
| International Standard Serial Number | 1354-506X |
| 035 ## - SYSTEM CONTROL NUMBER | |
| System control number | (Sirsi) u118306 |
| 041 ## - LANGUAGE CODE | |
| Language code of text/sound track or separate title | eng |
| 050 ## - LIBRARY OF CONGRESS CALL NUMBER | |
| Classification number | 711.1 |
| -- | 18 |
| 100 ## - MAIN ENTRY--PERSONAL NAME | |
| Personal name | Ennis, Frank |
| 245 ## - TITLE STATEMENT | |
| Title | Infrastructure providers and planners |
| Remainder of title | an examination of the relationships |
| 260 ## - PUBLICATION, DISTRIBUTION, ETC. | |
| Place of publication, distribution, etc. | London |
| Name of publisher, distributor, etc. | RICS Foundation |
| Date of publication, distribution, etc. | 2002 |
| 490 ## - SERIES STATEMENT | |
| Series statement | RICS Foundation Research Papers |
| Volume/sequential designation | 4(8) |
| 520 ## - SUMMARY, ETC. | |
| Summary, etc. | Examines the relationship between infrastructure providers and local planning authorities in Britain. There are two areas of concern: the links between the two parties with regard to the development strategy set out by planning authorities in their development plans; and the framework established through government guidance for dealing with strategies of providers in establishing their own network. |
| 520 ## - SUMMARY, ETC. | |
| Summary, etc. | RICS members may also view the research via the public access terminals in the RICS Library - please ask Library Staff for details. |
| 650 ## - SUBJECT ADDED ENTRY--TOPICAL TERM | |
| Topical term or geographic name entry element | LOCAL DEVELOPMENT PLANS |
| 650 ## - SUBJECT ADDED ENTRY--TOPICAL TERM | |
| Topical term or geographic name entry element | INFRASTRUCTURE SECTOR |
| 650 ## - SUBJECT ADDED ENTRY--TOPICAL TERM | |
| Topical term or geographic name entry element | PLANNING AUTHORITIES |
| 690 ## - LOCAL SUBJECT ADDED ENTRY--TOPICAL TERM (OCLC, RLIN) | |
| Topical term or geographic name as entry element | ENVIRONMENTAL AND LAND CONSULTANCY-PLANNING AND DEVELOPMENT |
| 700 ## - ADDED ENTRY--PERSONAL NAME | |
| Personal name | Morris, Tracy |
| 710 ## - ADDED ENTRY--CORPORATE NAME | |
| Corporate name or jurisdiction name as entry element | Royal Institution of Chartered Surveyors |
| Subordinate unit | Foundation |
| 9 (RLIN) | 4173 |
| 942 ## - ADDED ENTRY ELEMENTS (KOHA) | |
| Suppress in OPAC | 0 |
| Withdrawn status | Lost status | Source of classification or shelving scheme | Damaged status | Not for loan | Home library | Current library | Shelving location | Date acquired | Total Checkouts | Full call number | Barcode | Date last seen | Copy number | Price effective from | Koha item type |
|---|---|---|---|---|---|---|---|---|---|---|---|---|---|---|---|
| Dewey Decimal Classification | Virtual | Virtual | Online | 30/06/2003 | ONLINE PUBLICATION | 118306-2001 | 06/08/2019 | 1 | 06/08/2019 | Book |